| 000 | 00607nam a2200169 a 4500 | ||
|---|---|---|---|
| 001 | 000035093 | ||
| 005 | 20200930074111.0 | ||
| 008 | 111025s1892 sp 000 0 spa d | ||
| 040 |
_aDO-SdBNP _bspa _cBNPHU |
||
| 082 |
_axxxx _bL768r |
||
| 100 | 1 |
_aMonasterio, Ricardo _960758 |
|
| 245 | 1 | 3 |
_aLa raposa : / _csinete lírico en un acto y tres cuadros, versos y prosa / _cRicardo Monasterio ; música Ruperto Chapí. |
| 260 |
_aMadrid : _bR. Velasco, impresor, Rubio, _c1892. |
||
| 300 |
_a47 p. ; _c20 cm. |
||
| 500 | _aEstrenado en el Teatro de Apolo el 27 de abril de 1892 | ||
| 700 | 1 | 2 |
_aChapí, Ruperto _960759 |
| 999 |
_c34584 _d34584 |
||